'R' Game Quiz Stats

 Plays Quiz Updated Feb 24, 2019

Also try: 'Q', 'X', 'Z' Game
Challenge
Share
Tweet
Embed
Score 0/35 Timer 10:00
9 Plays Today
% Correct
Russia
77.2%
Rwanda
73.7%
Rat
73.7%
Franklin D. Roosevelt
70.3%
Theodore Roosevelt
70.3%
Romania
69.9%
Romeo and Juliet
68.7%
Cincinnati Reds
67.4%
Ronald Reagan
67.3%
Boston Red Sox
62.7%
Radon
61.9%
Rabbit
58.2%
Radium
55.6%
Texas Rangers
55.5%
Ruth
54.8%
Raleigh
50.6%
Tampa Bay Rays
47.5%
Richmond
44.8%
% Correct
Rooster
43.8%
Kansas City Royals
42%
Colorado Rockies
41.5%
Revelation to John
38.2%
Richard III
33.3%
Richard II
33%
Romans
32.8%
Rubidium
31.5%
Republic of the Congo
30.5%
Rhodium
29.7%
Rutherfordium
26%
Rain Man
22.7%
Rocky
21.3%
Ruthenium
19.7%
Rhenium
19.6%
Roentgenium
15%
Rebecca
14.7%

You're not logged in!

Compare scores with friends on all Sporcle quizzes.
OR
Log In

You Might Also Like...

Show Comments

Extras

Top Quizzes Today


Score Distribution

Your Account Isn't Verified!

In order to create a playlist on Sporcle, you need to verify the email address you used during registration. Go to your Sporcle Settings to finish the process.

Report this User

Report this user for behavior that violates our Community Guidelines.

Details: